000 00797na a2200277 4500
001 16223
003 MIRAKIL
005 20181213155216.0
008 161002b tu 000 0
020 _a9756481390
035 _a16223
040 _aMilas
_btur
_cTR-AnCHP
041 _atur
082 _a324.2182
_bY26s 2002
090 _a324.2182 Y26s 2002
100 _aYaraşır, Volkan
245 _aSiyasal İslam ve AKP
_bTanrı, devlet ve medeniyet
_cVolkan Yaraşır, Tarık Aygün
246 _aTanrı, devlet ve medeniyet
260 _aİstanbul
_bAkyüz yayın grubu
_c2002
300 _a228 s.
_c19 sm.
610 _aAKP
_xSiyaset ve yönetim
_yTarih
650 _aSiyasal İslam
_xAKP
650 _aİslam ve siyaset
_zTürkiye
700 _aAygün, Tarık
942 _2ddc
_cBKS
999 _c8528
_d8528